000
00271nam a22001217a 4500
008
181206b xxu||||| |||| 00| 0 eng d
041
_a
eng
080
_a
510
100
_a
37
101
_a
MAT
245
_a
Hbj Algebra With Trigometry
_c
Arthur.F. C
942
_2
udc
_c
BK
999
_c
52976
_d
52976